| 000 | 00663nam a22001937a 4500 | ||
|---|---|---|---|
| 005 | 20230221004954.0 | ||
| 008 | 230221b |||||||| |||| 00| 0 eng d | ||
| 020 | _a978-1-284-40280-3 | ||
| 082 | _aG.S. 613.71 P957 2019 | ||
| 100 |
_aMcGill, Erin A. _eeditor |
||
| 245 |
_aPrinciples of group fitness instruction / _cErin A. McGrill, managing editor |
||
| 250 | _a2nd ed. | ||
| 260 |
_aBurlington, MA: _bJones & Barlett, _cc2019 |
||
| 300 |
_axii, 356p.: _bcol. ill. |
||
| 504 | _aIncludes bibliographical references and index | ||
| 541 | _e6027 | ||
| 650 | _aPhysical fitness - Handbooks, manuals, etc. | ||
| 650 | _aPersonal trainers - Handbooks, manuals, etc. | ||
| 999 |
_c1317 _d1317 |
||